000
00306nam a22001337a 4500
008
170615b xxu||||| |||| 00| 0 eng d
020
_a
9780618214587
041
_a
eng
080
_a
32
100
_a
19
101
_a
SHP
245
_a
GLOBAL POLITICS IN A CHANGING WORLD
_c
MANSBACH,R.W
942
_2
udc
_c
BK
999
_c
17462
_d
17462